zgadnij artystę muzycznego po tekście piosenki - Statystyki

Ogólne statystyki
  • Ten quiz został rozwiązany 139 razy
  • Średni wynik to 7 z 14
Statystyki odpowiedzi
Tekst piosenki Artysta muzyczny % Poprawnych
"Mój ziomo to zrobiłz czternastką jak sam miał 13" Mata
77%
"Mam na sobie diamentowy choker" Oki
68%
"Miasto betonu i pogubionych telefonów" Taco Hemingway
62%
"Posłuchaj mama chce dobrze" Sobel
61%
"Ojciec kręcił lewy bizneszawsze latał w maskach" Quebonafide
60%
"Robię hit , jedenz wielu broń mnie dobry Jezu" Young Igi
50%
"Zapalniczki dźwięk , bopowoli gasnę" Bambi
49%
"Z tobą za rękę przezpiekło na boso" Szpaku
48%
"Chociaż nie powinnoto obchodzić mnie no bo jestem celebrytą" Żabson
42%
"Jedziemy przez ogrodynocą furą powoli" Kukon
35%
"Ja nie ciepły chociażwyszedłem z jacuzzi" Qry
35%
"Chcę pięćset tysięcyplus od państwa, to za mój babyface" Kinny Zimmer
33%
"Tylko lajki mampokazuje znak pokoju na zdjęciach" Chivas
32%
"Kiedyś marzyłem o tymmiejscu, w którym dziś jestem" Young Multi
16%
Nie znaleziono quizów pasujących do podanych kryteriów
Rozkład punktacji
Procent ludzi z każdym wynikiem
Percentyl według liczby udzielonych odpowiedzi
Twoja historia wyników
Nie rozwiązałeś tego quizu